Сообщение. 5: Из сортоводства гречи на урожайность (Запись № 4511045)

Подробности
000 -МАРКЕР
контрольное поле 01225nam2a22002531 4500
001 - ИДЕНТИФИКАТОР ЗАПИСИ
контрольное поле RU\NLR\INFOCOMM10\1000323402
005 - ИДЕНТИФИКАТОР ВЕРСИИ
контрольное поле 20250617013835.0
035 ## - ДРУГИЕ СИСТЕМНЫЕ НОМЕРА
Идентификатор записи (NLR Aleph) 002350535
100 ## - ДАННЫЕ ОБЩЕЙ ОБРАБОТКИ
Данные общей обработки 20041109d1914 |||y0rusy50 ca
101 0# - ЯЗЫК РЕСУРСА
Язык текста, звукозаписи и т.д. русский
102 ## - СТРАНА ПУБЛИКАЦИИ ИЛИ ПРОИЗВОДСТВА
Страна публикации российская федерация
105 ## - ПОЛЕ КОДИРОВАННЫХ ДАННЫХ: ТЕКСТОВЫЕ МАТЕРИАЛЫ, МОНОГРАФИЧЕСКИЕ
Кодированные данные о монографическом текстовом документе y |||||||||
200 1# - ЗАГЛАВИЕ И СВЕДЕНИЯ ОБ ОТВЕТСТВЕННОСТИ
Основное заглавие Из сортоводства гречи на урожайность
Первые сведения об ответственности Л. Альтгаузен
210 ## - ПУБЛИКАЦИЯ, РАСПРОСТРАНЕНИЕ И ДР.
Дата издания, распространения и т.д. 1914
Место издания, распространения и т.д. Б. м.
461 #0 - УРОВЕНЬ НАБОРА
Встроенное поле 001RU\NLR\INFOCOMM10\1000323399
-- 2001#$aСообщение$fГ.У.З. и З. Деп. земледелия. Из работ С.-х. зим. лаборатории Глав. Упр. З. и З. в С.-Петербурге$v5
Системный номер (АБИС) связанной записи 4511036
Автор Сельскохозяйственная химическая лаборатория (Петербург)
Место публикации СПб.
Дата публикации 1914-1916
Первые сведения об ответственности Г.У.З. и З. Деп. земледелия. Из работ С.-х. зим. лаборатории Глав. Упр. З. и З. в С.-Петербурге
Заглавие Сообщение
Номер тома 5
700 #1 - ИМЯ ЛИЦА - ПЕРВИЧНАЯ ОТВЕТСТВЕННОСТЬ
Начальный элемент ввода Альтгаузен
Часть имени, кроме начального элемента ввода Л.
Код отношения Автор
801 #1 - ИСТОЧНИК ЗАПИСИ
Страна российская федерация
Организация InfoComm
Дата составления 20041109
801 #0 - ИСТОЧНИК ЗАПИСИ
Страна российская федерация
Организация NLR
Правила каталогизации PSBO
852 ## - МЕСТОНАХОЖДЕНИЕ И ШИФР ХРАНЕНИЯ
Идентификатор организации NLR
Шифр хранения (Call Number) 37.63.1.24
942 ## - ДОПОЛНИТЕЛЬНЫЕ ЭЛЕМЕНТЫ ЗАПИСИ (АБИС)
Тип экземпляра АБИС Выпуск
980 ## - КОЛЛЕКЦИЯ
Название коллекции Национальная библиография
980 ## - КОЛЛЕКЦИЯ
Название коллекции Русская периодика

Нет доступных экземпляров.